Normal view
MARC view
- SUPERVISOR: DR. SYED RIFAAT HUSSAIN
Entry Personal Name
001 - CONTROL NUMBER
- control field: 120172
003 - CONTROL NUMBER IDENTIFIER
- control field: NUST
005 - DATE AND TIME OF LATEST TRANSACTION
- control field: 20240131093741.0
008 - FIXED-LENGTH DATA ELEMENTS
- fixed length control field: 240131|| aca||aabn | a|a d
040 ## - CATALOGING SOURCE
- Original cataloging agency: NUST
- Transcribing agency: NUST
100 ## - HEADING--PERSONAL NAME
- Personal name: SUPERVISOR: DR. SYED RIFAAT HUSSAIN
670 ## - SOURCE DATA FOUND
- Source citation: Work cat.: (NUST): FATIMA, SAMEEN 120170, INTIMATE PARTNER VIOLENCE AGAINST WOMEN, A CASE STUDY OF LAHORE/
